| 000 | 01795cam a22003735a 4500 | ||
|---|---|---|---|
| 008 | 020405s2002 xxk f 000 0 eng d | ||
| 020 | _a1842190989 | ||
| 035 | _a(Sirsi) u117369 | ||
| 041 | 0 | _aeng | |
| 050 | 0 | 4 | _a346.4104343 $2 18 |
| 110 | 2 |
_aCommercial Leases Working Group _94223 |
|
| 245 | 0 | 2 | _aA code of practice for commercial leases in England and Wales |
| 250 | _a2nd ed. | ||
| 260 |
_aLondon _bRICS _c2002 |
||
| 300 |
_a12p. _c30cm. |
||
| 520 | _aContains recommendations for landlords and tenants when they negotiate new leases of business premises where they deal with each other during the term of a lease. Consists of 23 recommendations that an industry-wide working party consider reflect current best practice for landlords and tenants negotiating a business tenancy. | ||
| 520 | _aSupersedes 1995 edition (ISBN 0854067264). Superseded by third edition "The code for leasing business premises in England and Wales 2007" (L137317). | ||
| 590 | _aKA | ||
| 650 | 2 | 4 | _aCODE FOR LEASING BUSINESS PREMISES IN ENGLAND AND WALES |
| 651 | 4 |
_aEngland and Wales _y1543- |
|
| 690 | _aPROPERTY-COMMERCIAL PROPERTY-COMMERCIAL LANDLORD AND TENANT-COMMERCIAL LEASES | ||
| 710 |
_aRoyal Institution of Chartered Surveyors _94900 |
||
| 710 |
_aAssociation of British Insurers _93272 |
||
| 710 |
_aAssociation of Property Bankers _94227 |
||
| 710 |
_aBritish Retail Consortium _91582 |
||
| 710 |
_aBritish Property Federation _91604 |
||
| 710 |
_aConfederation of British Industry _9414 |
||
| 710 |
_aForum of Private Business _94226 |
||
| 710 |
_aLaw Society of England and Wales _91639 |
||
| 710 |
_aNational Association of Corporate Real Estate Executives _94225 |
||
| 710 |
_aProperty Market Reform Group _91089 |
||
| 710 |
_aSmall Business Bureau _94224 |
||
| 942 | _n0 | ||
| 999 |
_c101982 _d101982 |
||